000 01500nam a2200361 i 4500
001 000020461
003 DO-SdBNP
005 20230627105107.0
007 ta
008 100927s2015 dr ac 001 0 spa d
020 _z9789945165455
040 _aDO-SdBNP
_bspa
_cBNPHU
_erda
082 4 _a650.13
_bS715v, 2013
_222
100 1 _aSosa Sosa, Diego A.,
_d1966-
_93236
_eautor
245 1 0 _aVentas-negociación, retórica-oratoria, lenguaje del cuerpo :
_btodo lo que un vendedor o negociador necesita para ser un experto hablar, presentar y convencer con retórica y manejar como lengua materna el lenguaje del cuerpo /
_cDiego A. Sosa Sosa.
250 _a4ª ed.
264 _aSanto Domingo :
_bBúho,
_c2015.
300 _a240 páginas :
_bilustraciones, retratos;
_c24 cm.
336 _2rdacontent
_atexto
_btxt
337 _2rdamedia
_asin mediación
_bn
338 _2rdacarrier
_avolumen
_bnc
500 _aIncluye datos biográficos del autor en la solapa de la cubierta.
500 _aIncluye tips especiales para el Network marketing.
505 0 _aPrefacio--
_tVentas y negociación --
_tEl lenguaje del cuerpo --
_tMarketing personal --
_tRetórica y oratoria --
_gAnexos.
650 4 _aVendedores y arte de vender
_918681
650 4 _aTécnicas de ventas
_922566
650 4 _aMercadeo directo
_943141
650 4 _aOratoria
_91172
650 4 _aPersuación (retórica)
_96315
650 4 _aComunicación no verbal (psicología)
_943142
910 _aBtavárez
942 _2ddc
_cLBS1
999 _c19965
_d19965